000 00223nam a22000857a 4500
008 160712b xxu||||| |||| 00| 0 eng d
100 _92650
_a Cowman, C.E
245 _aStreams in the Desert
260 _aMichigon
_b Zondervan
_c1965
999 _c2303
_d2303